Statistics for County Seats of Florida

Click here to take the quiz!

General Stats

  • This quiz has been taken 310 times
  • The average score is 29 of 67

Answer Stats

CountyCounty Seat% Correct
Miami-DadeMiami
94%
HillsboroughTampa
78%
AlachuaGainesville
76%
DuvalJacksonville
76%
BrowardFort Lauderdale
75%
OrangeOrlando
74%
EscambiaPensacola
73%
Palm BeachWest Palm Beach
73%
LeonTallahassee
72%
SarasotaSarasota
70%
PinellasClearwater
69%
BayPanama City
69%
LeeFort Myers
67%
MonroeKey West
67%
MarionOcala
62%
OkeechobeeOkeechobee
58%
St. JohnsSt. Augustine
58%
BrevardTitusville
56%
OsceolaKissimmee
54%
ManateeBradenton
51%
St. LucieFort Pierce
47%
NassauFernandina Beach
44%
ColumbiaLake City
44%
Indian RiverVero Beach
44%
CharlottePunta Gorda
41%
HighlandsSebring
41%
CollierEast Naples
40%
PascoDade City
39%
VolusiaDeLand
39%
SeminoleSanford
39%
JacksonMarianna
37%
BradfordStarke
36%
MartinStuart
36%
FranklinApalachicola
34%
MadisonMadison
34%
GulfPort St. Joe
34%
OkaloosaCrestview
33%
ClayGreen Cove Springs
33%
CitrusInverness
33%
Santa RosaMilton
33%
PutnamPalatka
33%
GadsdenQuincy
33%
PolkBartow
32%
SuwanneeLive Oak
32%
JeffersonMonticello
31%
DeSotoArcadia
30%
HernandoBrooksville
30%
WaltonDeFuniak Springs
30%
HamiltonJasper
30%
HendryLaBelle
30%
BakerMacclenny
30%
TaylorPerry
30%
HardeeWauchula
30%
CalhounBlountstown
29%
FlaglerBunnell
29%
WashingtonChipley
28%
DixieCross City
28%
HolmesBonifay
27%
LibertyBristol
27%
SumterBushnell
27%
WakullaCrawfordville
27%
LafayetteMayo
27%
GladesMoore Haven
27%
LakeTavares
27%
GilchristTrenton
27%
UnionLake Butler
25%
LevyBronson
24%

Score Distribution

Percentile by Number Answered

Percent of People with Each Score

Your Score History

You have not taken this quiz